000 00713nam a2200289Ia 4500
005 20260324144005.0
008 008 260324s9999 xx 000 0 eng d
020 _a9780429312267
037 _aEBOOK
040 _aCRL
040 _beng
040 _cCRL
041 _2eng
041 _aeng
084 _qCRL
100 _aAnthony H Cordesman; Abraham Wagner
_91217667
245 4 _aThe Lessons Of Modern War
245 0 _bVolume I: The Arab-israeli Conflicts, 1973-1989
260 _bTaylor and Francis
260 _c1990
365 _a
365 _b195
856 _uhttp://www.taylorfrancis.com/books/9780429312267
942 _cEBOOK
999 _c1823746
_d1823746